000 00505cam a2200193ua 4500
020 _c2.00
041 _aeng
_h
082 _a631.5
_bSUM/PA
100 _aSumanagala kutty Amma, S .
245 _aPackage of practices recommendations /
_cS Sumangala kutty Amma.
_hTextual Documents
250 _a1 /
_b.
260 _aThrissur :
_bKerala Agricultural University ,
_c1978.
300 _a144 ; .
365 _a2.00
504 _a
942 _cBK
999 _c6875
_d6875